| 000 | 00471nam a22001451i 4500 | ||
|---|---|---|---|
| 001 | 183754 | ||
| 003 | ES-MaACL | ||
| 005 | 20230906221949.0 | ||
| 008 | 141009s1877 sp |||| | spa d | ||
| 245 | 0 | 0 |
_aReestanco de la sal _b: consideraciones contra dicho proyecto / _cpor la Comisión de Propietarios de Salinas. |
| 260 |
_aMadrid : _bR. Labajos, _c1877. |
||
| 300 |
_a62 p. ; _c22 cm. |
||
| 650 | 4 |
_aSal- _xComercio- _zEspaña. _9155698 |
|
| 852 |
_aES-MaACL _jT-257-F-5 |
||
| 999 |
_c183754 _d183754 |
||